00498cam a2200169ua 4500001000500000005001700005008003900022020001800061040000900079082001000088100003700098245006800135250000900203260006900212300001700281653003000298530120260515113847.0120730n enk |||gr||||Z||||||eng a0-7131-6100-0 cMAIN a829.1 aRaw, Barbara C.,d1978,eAuthor,11aThe art and background of old english poetrycby Barbara C. Raw a1st. aLondon:bBritish library cataloguing in publication data,c1978. a148p:c23cm. aOld English (Anglo-Saxon)